M.K.Gandhi The Educationist Par Excellence/ (Record no. 92218)

MARC details
000 -LEADER
fixed length control field 00562nam a22001817a 4500
005 - DATE AND TIME OF LATEST TRANSACTION
control field 20230906120439.0
010 ## - LCCN (DPL NO)
LC control number ENG-112364 ENG-137551
020 ## - INTERNATIONAL STANDARD BOOK NUMBER
International Standard Book Number 9788184303162
Terms of availability 250.00
035 ## - SYSTEM CONTROL NUMBER
System control number EN-95896 EN-121083
037 ## - SOURCE OF ACQUISITION
Source of stock number/acquisition DBAD/PUB
082 ## - DEWEY DECIMAL CLASSIFICATION NUMBER
Classification number 370.954
100 ## - MAIN ENTRY--PERSONAL NAME
Personal name Dewal, Onkar Singh
245 ## - TITLE STATEMENT
Title M.K.Gandhi The Educationist Par Excellence/
Statement of responsibility, etc by Onkar Singh Dewal
260 ## - PUBLICATION, DISTRIBUTION, ETC. (IMPRINT)
Place of publication, distribution, etc New Delhi
Name of publisher, distributor, etc Ocean Books
Date of publication, distribution, etc 2015
270 ## - ADDRESS
Address 4/19, Asaf Ali Road,
City New Delhi
Postal code 110002
300 ## - PHYSICAL DESCRIPTION
Extent 158p.
Dimensions 23cm(Hb)
942 ## - ADDED ENTRY ELEMENTS (KOHA)
Source of classification or shelving scheme Dewey Decimal Classification
Item type English Books
Call number suffix DEW
Classification part 301.153
Holdings
Withdrawn status Lost status Not for loan Collection code Home library Current library Date acquired Source of acquisition Cost, normal purchase price Full call number Barcode Copy number Cost, replacement price Koha item type
    Not For Loan Non-fiction D.B.Act.Division D.B.Act.Division 12/03/2015 DBAD/PUB 250.00 301.153 DEW EN-95896 1 250.00 English Books
      Non-fiction Shahdara Branch Shahdara Branch 24/07/2023 DBAD/PUB 250.00 370.954 DEW EN-121083 1 250.00 English Books

© Delhi Public Library
Hit Counter
free hit counter